| 000 | 01440nam a22003857a 4500 | ||
|---|---|---|---|
| 003 | CHAP | ||
| 005 | 20240201062650.0 | ||
| 008 | 000726d2000 mx r 00110 spa d | ||
| 010 | _a81853 | ||
| 011 | _a82825 | ||
| 035 | _a93329 | ||
| 040 | _cCHAP | ||
| 090 | _aTesis | ||
| 100 | 0 | 0 |
_aCruz Cruz, Eduardo. _929345 |
| 245 | 1 | 0 |
_aEfecto del tiempo de fraguado de bloques multinutricionales en la sobrevivencia de Saccharomyces cerevisiae y en el comportamiento productivo de conejos en crecimiento _c/por Eduardo Cruz Cruz |
| 260 |
_aChapingo, Méx. : _bEl autor, _c2000. |
||
| 300 | _a56 h. | ||
| 502 | _aTesis (Ing. Agr. Esp. en Zootecnia) -- UACH. Departamento de Zootecnia | ||
| 590 |
_aALEPH _b10 _c20130110 _lUCH01 _h1436 |
||
| 590 |
_aBATCH-UPD _b10 _c20130110 _lUCH01 _h0035 |
||
| 590 |
_aBATCH-UPD _b10 _c20130110 _lUCH01 _h0500 |
||
| 590 |
_aBATCH-UPD _b10 _c20130409 _lUCH01 _h2019 |
||
| 590 |
_aBATCH-UPD _b10 _c20130410 _lUCH01 _h0938 |
||
| 590 |
_aBATCH-UPD _b10 _c20130914 _lUCH01 _h1027 |
||
| 590 |
_aCONVERSION _b10 _c20130109 _lUCH01 _h1345 |
||
| 650 | 1 | 4 |
_aConejos _xCrecimiento. _926357 |
| 650 | 1 | 4 |
_aConejos _xNutrición. _926372 |
| 650 | 1 | 4 |
_aLevaduras en alimentación animal. _966404 |
| 650 | 1 | 7 |
_aSaccharomyces cerevisiae _2 _9101125 |
| 901 | _aBK | ||
| 905 | _aAlejandra Carrasco M. | ||
| 942 | _cFOLL | ||
| 949 |
_bBC _cTES _d33724000783809 _eTS2 _fc.2 _h36184 _i93329 _si |
||
| 949 |
_bBC _cTES _d933291 _eTS1 _h36183 _i93329 _sb |
||
| 999 |
_c81853 _d81853 |
||